| 000 | 00772nam a22002177a 4500 | ||
|---|---|---|---|
| 003 | 0 | ||
| 005 | 20260205124306.0 | ||
| 008 | 260205b xxu||||| |||| 00| 0 eng d | ||
| 020 | _a978-1-0718-7091-4 | ||
| 050 |
_aTR 370.153 _bR63 2023 |
||
| 082 |
_aTR 370.153 _bR63 2023 |
||
| 100 | _aRogers, Jennifer E. | ||
| 245 |
_aThe SEL coach : _bplanning and implementation resources for social emotional learning leaders / _cJennifer E. Rogers. |
||
| 260 |
_aCalifornia : _bCorwin, _c2023. |
||
| 300 |
_axxvi, 202 pages ; _c26 cm. |
||
| 504 | _aIncludes bibliographical references and index. | ||
| 650 |
_aAffective education _zUnited States. |
||
| 650 |
_aMentoring in education _zUnited States. |
||
| 650 |
_aTeachers _vIn-service training _zUnited States. |
||
| 942 |
_2ddc _cBK |
||
| 999 |
_c368811 _d368811 |
||